000 00483nam a2200181Ia 4500
008 170705s9999 xx 000 0 und d
020 _a9780545131490
245 _aFollow me, mittens /
245 _cLola M. Schaefer ; pictures by Susan Kathleen Hartung.
260 _aNew York :
260 _bScholastic,
260 _c2007
300 _a25 pages :
300 _bcolor illustration ;
300 _c23cm.
440 _aI can read! My first shared reading.
500 _a400
999 _c335718
_d335718